Statistics for NFL Players' College Teams #1

Click here to take the quiz!

General Stats

  • This quiz has been taken 85,876 times
    (40,766 since last reset)
  • The average score is 15 of 24

Answer Stats

PlayerCollege% Correct
Tom BradyMichigan
97%
Odell Beckham Jr.Louisiana State
86%
Mark IngramAlabama
85%
Saquon BarkleyPenn State
85%
Peyton ManningTennessee
78%
Andrew LuckStanford
75%
Russell WilsonWisconsin / NC State
75%
Robert Griffin IIIBaylor
70%
Drew BreesPurdue
68%
O.J. SimpsonSouthern California
64%
Deion SandersFlorida State
63%
Rob GronkowskiArizona
61%
Michael VickVirginia Tech
60%
Bo JacksonAuburn
59%
Barry SandersOklahoma State
57%
Larry FitzgeraldPittsburgh
54%
Calvin JohnsonGeorgia Tech
53%
Randy MossMarshall
53%
Joe MontanaNotre Dame
52%
Steve YoungBrigham Young
44%
Santana MossMiami
42%
LaDainian TomlinsonTexas Christian
40%
Donovan McNabbSyracuse
35%
Brett FavreSouthern Mississippi
33%

Score Distribution

Percentile by Number Answered

Percent of People with Each Score

Your Score History

You have not taken this quiz since the last reset